Agentes secretos contra armas secretas / (Record no. 32236)

MARC details
000 -LEADER
campo de control de longitud fija 00537nam a2200169 i 4500
001 - NÚMERO DE CONTROL
campo de control 32236
003 - IDENTIFICADOR DE NÚMERO DE CONTROL
campo de control ES-MaACL
005 - FECHA Y HORA DE LA ÚLTIMA TRANSACCIÓN
campo de control 20230906154534.0
007 - CAMPO FIJO DE DESCRIPCIÓN FÍSICA--INFORMACIÓN GENERAL
campo de control de longitud fija t|
008 - DATOS DE LONGITUD FIJA--INFORMACIÓN GENERAL
campo de control de longitud fija 030130s1966 sp ||||1| spa d
100 1# - ENTRADA PRINCIPAL--NOMBRE DE PERSONA
Nombre de persona Bergier, Jacques.
9 (RLIN) 27989
245 10 - MENCIÓN DEL TÍTULO
Título Agentes secretos contra armas secretas /
Mención de responsabilidad, etc. Jacques Bergier ; [traducción de Isabel Bubge de Ducci].
260 ## - PUBLICACIÓN, DISTRIBUCIÓN, ETC.
Lugar de publicación, distribución, etc. Barcelona, etc. :
Nombre del editor, distribuidor, etc. Pomaire,
Fecha de publicación, distribución, etc. [1966]
300 ## - DESCRIPCIÓN FÍSICA
Extensión 252 p., 8 lám. ;
Dimensiones 20 cm.
700 1# - ENTRADA AGREGADA--NOMBRE PERSONAL
Nombre de persona Bubge de Ducci, Isabel.
9 (RLIN) 32268
852 ## - LOCALIZACIÓN
Ubicación ES-MaACL
Número de control de estantería C-35263
Sublocalización o colección R.68394
Holdings
Estatus retirado Estado de pérdida Estado de daño No para préstamo Biblioteca de origen Biblioteca actual Ubicación en estantería Fecha de adquisición Fuente de adquisición Total de préstamos Signatura topográfica completa Código de barras Visto por última vez Precio de reemplazo Tipo de ítem Koha
        Biblioteca del Ateneo de Madrid Biblioteca del Ateneo de Madrid Depósito 2 17/01/2008     C-35263 1033376 23/02/2023 23/02/2023 Libro impreso